Catálogo público

Distribución de especies hojosas de pastizal en la República Mexicana : parte II / Antonia González Embarcadero y Berta Rodríguez Castañeda (Record no. 216948)

MARC details
000 -CABECERA
campo de control de longitud fija 00912nam a2200265Ia 4500
001 - NÚMERO DE CONTROL
campo de control Z_5153
008 - DATOS DE LONGITUD FIJA--INFORMACIÓN GENERAL
campo de control de longitud fija 220601s9999 xx 000 0 und d
020 ## - NÚMERO INTERNACIONAL ESTÁNDAR DEL LIBRO
Número Internacional Estándar del Libro 968-884-860-3
082 ## - NÚMERO DE LA CLASIFICACIÓN DECIMAL DEWEY
Número de clasificación 633.2 G66
100 ## - ENTRADA PRINCIPAL--NOMBRE DE PERSONA
Nombre de persona González Embarcadero, Antonia
9 (RLIN) 48874
245 ## - MENCIÓN DE TÍTULO
Título Distribución de especies hojosas de pastizal en la República Mexicana : parte II / Antonia González Embarcadero y Berta Rodríguez Castañeda
260 ## - PUBLICACIÓN, DISTRIBUCIÓN, ETC.
Lugar de publicación, distribución, etc. México : UACh
300 ## - DESCRIPCIÓN FÍSICA
Extensión 238 p.
503 ## - NOTA DE HISTORIA BIBLIOGRÁFICA (BK CF MU) [OBSOLETO]
Nota de historia bibliográfica ej.1: - ej.3: Donación
504 ## - NOTA DE BIBLIOGRAFÍA, ETC.
Nota de bibliografía, etc. Biblbiografía: p. 237 - 238
650 ## - PUNTO DE ACCESO ADICIONAL DE MATERIA--TÉRMINO DE MATERIA
Término de materia o nombre geográfico como elemento de entrada 1. Pastizales - México
650 ## - PUNTO DE ACCESO ADICIONAL DE MATERIA--TÉRMINO DE MATERIA
Término de materia o nombre geográfico como elemento de entrada Fitogeografía
9 (RLIN) 41157
650 ## - PUNTO DE ACCESO ADICIONAL DE MATERIA--TÉRMINO DE MATERIA
Término de materia o nombre geográfico como elemento de entrada Plantas forrajeras - México - Distribución geográfica
700 ## - PUNTO DE ACCESO ADICIONAL--NOMBRE DE PERSONA
Nombre de persona Rodríguez Castañeda, Berta, coaut.Ì
9 (RLIN) 181701
901 ## - ELEMENTOS DE DATOS A LOCAL LDA (RLIN)
a 633.2 G66
902 ## - ELEMENTOS DE DATOS B LOCAL, LDB (RLIN)
a M
905 ## - ELEMENTOS DE DATOS E LOCAL, LDE (RLIN)
a 0000002003 mx ab 0000000000spa00
942 ## - ELEMENTOS DE PUNTO DE ACCESO ADICIONAL (KOHA)
Tipo de ítem Koha Libro_
Holdings
Estado de retiro Estado de pérdida Fuente del sistema de clasificación o colocación Estado dañado No para préstamo Código de colección Localización permanente Ubicación/localización actual Ubicación en estantería Fecha de adquisición Total de préstamos Código de barras Fecha visto por última vez Número de copia Precio válido a partir de Tipo de ítem Koha
    Dewey Decimal Classification     General Zootecnia Zootecnia   09/11/2005   z_4952 02/06/2022 2 02/06/2022 Libro
    Dewey Decimal Classification     General Zootecnia Zootecnia   18/06/2012   z_4271 02/06/2022 3 02/06/2022 Libro
    Dewey Decimal Classification     General Zootecnia Zootecnia   09/11/2005   z_4951 02/06/2022 1 02/06/2022 Libro